Recepción de las instituciones romanas en la biografía de Alonso Antonio de San Martín, hijo de Felipe IV
保存先:
| 第一著者: | |
|---|---|
| フォーマット: | 図書 |
| 言語: | スペイン語 |
| 出版事項: |
Santiago de Compostela
Andavira Editorial
2015
|
| 版: | 1a. ed |
| シリーズ: | Colección Internacional Ciencia y Pensamiento Jurídico
|
| 主題: | |
| タグ: |
タグ追加
タグなし, このレコードへの初めてのタグを付けませんか!
|
MARC
| LEADER | 00000cam a2200000 a 4500 | ||
|---|---|---|---|
| 001 | UCC1364 | ||
| 003 | CL-VaPUC | ||
| 008 | 171020e20150000sp |||||||||||||||||spa|d | ||
| 020 | |a 9788484088752 | ||
| 082 | 0 | 4 | |a 937 |b GAR |2 21 |
| 100 | 0 | |a García Fueyo, Beatriz |e author |9 595436 | |
| 245 | 1 | 0 | |a Recepción de las instituciones romanas en la biografía de Alonso Antonio de San Martín, hijo de Felipe IV |
| 250 | |a 1a. ed | ||
| 300 | |a 1147 p | ||
| 942 | |c BK | ||
| 945 | |d 20171020 15:16:00 |a arojas | ||
| 260 | |a Santiago de Compostela |b Andavira Editorial |c 2015 | ||
| 650 | 0 | |a Historia de Roma |9 315349 | |
| 650 | 0 | |a Derecho romano |9 255930 | |
| 650 | 7 | |a INSTITUCIONES ROMANAS |2 CL-VaPUC |9 439977 | |
| 583 | |a last modification |c 20171020 15:16:00 |k Rodrigo Vera | ||
| 490 | 0 | |a Colección Internacional Ciencia y Pensamiento Jurídico | |
| 999 | |c 369893 |d 369891 | ||
| 952 | |0 0 |1 0 |3 erb |4 0 |6 937_000000000000000_GAR_2015 |7 0 |8 A |9 486045 |a BIBHIS |b BIBHIS |i 5430712 |o 937 GAR 2015 |p 5430712 |r 2025-01-20 |w 2019-11-24 |y BK |z Catalogado en:20171020 |k HIS | ||